000 01142nas a2200325 i 4500
001 919
003 ES-MaACL
005 20250729062608.0
007 t|
008 950801d19081909sp s| | 1 ||pa d
022 _a1889-5506
080 _a460
080 _a32/33
245 0 0 _aGaceta política
_b: revista parlamentaria y diplomática /
_c[dir., Luis Bourgon].
260 _aMadrid :
_b[Gaceta Política],
_c1908-[1909] (
_fImp. de Fortanet)
300 _a1 v. :
_bil., grab. ;
_c34 cm.
310 _aMensual,
_b1909
321 _aQuincenal
362 0 _aAño 1, n. 1 (1 mayo 1908)-
500 _aEncuadernado junto con: Gran mundo y sport.
530 _aDisponible en formato digital.
650 7 _aPolítica
_2embne
_9140345
650 0 7 _aEconomía
_2embne
_912006
700 1 _aBourgon, Luis.
_9145922
770 0 _tRevista municipal : suplemento de la Gaceta política,
_dMadrid : [Gaceta Política], 1908-[1909]
852 _aES-MaACL
_jHem-555
856 _uhttp://hemerotecadigital.bne.es/details.vm?o=&w=1889-5506&f=issn&l=500;
_zHemeroteca Digital
866 0 _o(1908f.n.5y14)(1909f.n.17-18).
999 _c919
_d919